000 00284nam a2200109Ia 4500
008 200302s9999 xx 000 0 und d
100 _aVolkwin Marg
245 _aFrom Cape Town to Brasilia New Stadiums By Gmp
260 _bPrestel Publishing Ltd.
260 _c2010
300 _a305 P.,
999 _c2815
_d2815